Diáspora Africana - Top 10 Países - Estadísticas

Estadísticas generales
  • Esta prueba ha sido intentada 4.957 veces
  • La puntuación promedio es 7 de 10
Estadísticas de respuestas
# % País % Correcto
44.2 M 13.6 Estados Unidos
97%
5.3 M 8 Francia
90%
58.4 M 28.2 Brasil
88%
1.5 M 1.2 México
75%
2.1 M 3.3 Reino Unido
74%
9.8 M 20 Colombia
71%
11.1 M 99.9 Haití
65%
3.9 M 34.9 Cuba
64%
8.5 M 84 República Dominicana
60%
2.7 M 97.4 Jamaica
55%
No se encontraron pruebas coincidentes
Distribución de puntuación
Porcentaje de gente con cada puntuación
Porcentaje por número respondido
Historial de tus puntuaciones
No has intentado esta prueba.